000 03908nam a22003377i 4500
001 TCPA 43
003 gtcocun
005 20250911172659.0
006 a||||gr|||| 00| 0
008 250911b2017 gt ||||| m||| 00| 0 eng d
040 _agtcocun
_bSPA
_cgtcocun
_eRDA
041 _aSPA
084 _0TCPA 43
100 _aCalel, Walter Amilcar
_eAutor
245 _aInforme final del Ejercicio Profesional Supervisado, realizado en la Municipalidad de San Cristóbal Verapaz, Alta Verapaz/
_cWalter Amilcar Calel
_hImpreso
264 _aCobán, Alta Verapaz:
_bUniversidad de San Carlos de Guatemala, Centro Universitario del Norte, Licenciatura en Contaduría Pública y Auditoría.
_c2017
300 _a73 p.:
_bIlustraciones, gráficas.
_c28 cm; PDF
336 _2rdacontenido
_aTexto
_btxt
337 _2rdamedio
_aComputadora
_bn
338 _2rdasoporte
_aCódigo en línea
_bcr
502 _e.
502 _e.
502 _aTesis de grado
_cUniversidad de San Carlos de Guatemala, Centro Universitario del Norte,
502 _aTesis de grado
_bLicenciatura en Contaduría Pública y Auditoría.
_cUniversidad de San Carlos de Guatemala, Centro Universitario del Norte, Licenciatura en Contaduría Pública y Auditoría.
_d2017
_oTCPA 43
520 1 4 _aEn la Villa de San Cristóbal Verapaz, departamento de Alta Verapaz, se realizó el Ejercicio Profesional Supervisado de la Carrera de Contaduría Pública y Auditoria del Centro Universitario del Norte (CUNOR), de la Universidad de San Carlos de Guatemala. La práctica se desarrolló en la municipalidad de la Villa de San Cristóbal Verapaz. Sus principales actividades es velar por el bien común de los habitantes que residen en las distintas comunidades, barrios, zonas aldeas, caseríos y otros lugares que corresponde. Algunos de los servicios que brinda a la población en general es, canalizar agua, drenajes, el cobro de tributos establecidos y regidos por la legislación nacional, así mismo, vela por el orden del área urbana y todas comunidades locales. Se desarrolló el diagnóstico y se determinó las principales actividades que realizan, los recursos potenciales, las debilidades y amenazas en la actualidad. De igual forma, se consideró los principales problemas socioeconómicos que afectan a la población. Para contribuir al desarrollo de la localidad, se propuso, la elaboración de tres proyectos de producción y comercialización para la erradicación de los problemas socioeconómicos descubiertos. Se elaboró el plan de trabajo, para la realización de las diferentes actividades a desarrollar, del 23 de Marzo al 30 de Septiembre del año en curso. El plan de trabajo contiene las técnicas, métodos, las actividades y la estimación de los recursos necesarios para la elaboración de los tres proyectos, que contribuirán a disminuir los índices de analfabetismo, pobreza, y el subdesarrollo. En la ejecución de las actividades programadas en el plan, se desarrolló para cada proyecto, ocho incisos, entre estos, el análisis coyuntural, identificación del proyecto, estudio de mercado, evaluaciones financieras, entre otros. Al concluir las actividades se determinó, la existencia de los diferentes tipos de demandas insatisfechas de productos y varios recursos ociosos del lugar. Así mismo, se evaluó, el financiamiento y ejecución de los proyectos, de igual manera, se estimó el promedio de empleó que genero cada uno de los proyectos elaborados y la contribución del desarrollo económico, social a las comunidades.
650 _2LEMB
_aCobán, Alta Verapaz
_xcooperativa
_xpapas
_xcultivo
700 _aLic. Selvin Wotzbelli Castellanos Reyes
_eAsesor
856 _uhttps://drive.google.com/file/d/11b9jdz40LQmL_oXNdxVzRyqk21MC_EL8/view?usp=sharing
_yPDF
_zUn ejemplar en línea.
942 _2ddc
_cTES
_iTCPA_43
_kClasificación
_n0
_6TCPA__43
999 _c1799
_d1799